Lịch sử đấu tranh cách mạng của đảng bộ và quân dân xã Tập Ngãi anh hùng : Nay là hai xã Tập Ngãi và Ngãi Hùng
Sách giới thiệu đất nước con người Tập Ngãi, tổng kết những trận đánh có ý nghĩa và những sự kiện nhân vật tiêu biểu trong đấu tranh cách mạng.
Wedi'i Gadw mewn:
| Awduron Corfforaethol: | , |
|---|---|
| Fformat: | Llyfr |
| Iaith: | Undetermined |
| Cyhoeddwyd: |
Trà Vinh
Sở Văn hóa Thông tin Trà Vinh
2007
|
| Pynciau: | |
| Tagiau: |
Ychwanegu Tag
Dim Tagiau, Byddwch y cyntaf i dagio'r cofnod hwn!
|
| Thư viện lưu trữ: | Trung tâm Học liệu Trường Đại học Cần Thơ |
|---|
| LEADER | 01085nam a2200229Ia 4500 | ||
|---|---|---|---|
| 001 | CTU_190294 | ||
| 008 | 210402s9999 xx 000 0 und d | ||
| 082 | |a 959.786 | ||
| 082 | |b Đ106 | ||
| 110 | |a Đảng bộ huyện Tiểu Cần | ||
| 110 | |b Đảng ủy xã Tập Ngãi | ||
| 245 | 0 | |a Lịch sử đấu tranh cách mạng của đảng bộ và quân dân xã Tập Ngãi anh hùng : | |
| 245 | 0 | |b Nay là hai xã Tập Ngãi và Ngãi Hùng | |
| 245 | 0 | |c Đảng bộ huyện Tiểu Cần. Đảng ủy xã Tập Ngãi | |
| 260 | |a Trà Vinh | ||
| 260 | |b Sở Văn hóa Thông tin Trà Vinh | ||
| 260 | |c 2007 | ||
| 520 | |a Sách giới thiệu đất nước con người Tập Ngãi, tổng kết những trận đánh có ý nghĩa và những sự kiện nhân vật tiêu biểu trong đấu tranh cách mạng. | ||
| 650 | |a Vietnam,Việt Nam | ||
| 650 | |x History,Lịch sử | ||
| 910 | |a Hải | ||
| 980 | |a Trung tâm Học liệu Trường Đại học Cần Thơ | ||